Microeconomía (Registro nro. 4419)
[ vista simple ]
| 000 -LEADER | |
|---|---|
| fixed length control field | 01889 a2200229 4500 |
| 001 - CONTROL NUMBER | |
| control field | 47548 |
| 005 - DATE AND TIME OF LATEST TRANSACTION | |
| control field | 20260407155743.0 |
| 008 - FIXED-LENGTH DATA ELEMENTS--GENERAL INFORMATION | |
| fixed length control field | 260407a1982 arg spa d |
| 003 - CONTROL NUMBER IDENTIFIER | |
| control field | AR-UNSa-BCEJYS |
| 040 ## - CATALOGING SOURCE | |
| Original cataloging agency | AR-UNSa-BCEJYS |
| Language of cataloging | spa |
| Transcribing agency | AR-UNSa-BCEJYS |
| 080 ## - UNIVERSAL DECIMAL CLASSIFICATION NUMBER | |
| Universal Decimal Classification number | 330.101.542 |
| Common auxiliary subdivision | Microeconomía |
| 020 ## - INTERNATIONAL STANDARD BOOK NUMBER | |
| International Standard Book Number | 950-02-3604-4 |
| 100 1# - MAIN ENTRY--PERSONAL NAME | |
| Personal name | Reynolds, Lloyd G. |
| 245 10 - TITLE STATEMENT | |
| Title | Microeconomía |
| 250 ## - EDITION STATEMENT | |
| Edition statement | 4a. ed. |
| 264 #1 - PRODUCTION, PUBLICATION, DISTRIBUTION, MANUFACTURE, AND COPYRIGHT NOTICE | |
| Place of production, publication, distribution, manufacture | Buenos Aires : |
| Name of producer, publisher, distributor, manufacturer | El Ateneo |
| Date of production, publication, distribution, manufacture, or copyright notice | 1982 |
| 300 ## - PHYSICAL DESCRIPTION | |
| Extent | 402 p. |
| Dimensions | 22 cm. |
| 505 ## - FORMATTED CONTENTS NOTE | |
| Formatted contents note | Introducción: Conceptos básicos de economía: 1. De qué trata la economía - 2. Cómo organiza la producción una economía de mercado - 3. Oferta y demanda - Primera Parte: Determinación de productos y asignación de recursos: 4. Elección del consumidor - 5. Elección del productor - 6. Estructuras del mercado: competencia perfecta - 7. Estructuras de mercado: monopolio, oligopolio, competencia monopólica - 8. Economía industrial en la práctica - Segunda Parte: El gobierno y la economía de mercado: 9. Poder de mercado: antitrust y regulación - 10. Fracaso de mercado: bienes públicos - 11. Bienes cuasi públicos: educación y cuidado de la salud - 12. Externalidades, recursos comunes y el ambiente - Tercera Parte: Determinación del precio de los factores y distribución del ingreso: 13. Precios de factores: salarios, interés, ganancia - 14. Mercado de trabajo: discriminación, sindicalismo y salarios mínimos - 15. Distribución del ingreso: antes y después de los impuestos - 16. Desigualdad, pobreza y política pública - Cuarta Parte: Plan de mercado: una comparación de sistemas: 17. Decisiones económicas con planeamiento centralizado - 18. Plan y mercado: Comparaciones y convergencia. |
| 590 ## - LOCAL NOTE (RLIN) | |
| Local note | niveau_biblio:m niveau_hierar:0 |
| 856 41 - ELECTRONIC LOCATION AND ACCESS | |
| Uniform Resource Identifier | <a href="https://biblioeco.unsa.edu.ar/pmb/images/libros/L127641.jpg">https://biblioeco.unsa.edu.ar/pmb/images/libros/L127641.jpg</a> |
| Link text | Imagen de portada |
| Electronic format type | image/jpeg |
| 942 ## - ADDED ENTRY ELEMENTS (KOHA) | |
| Koha item type | |
| Withdrawn status | Lost status | Damaged status | Not for loan | Home library | Current library | Shelving location | Date acquired | Total checkouts | Full call number | Barcode | Date last seen | Price effective from | Koha item type |
|---|---|---|---|---|---|---|---|---|---|---|---|---|---|
| Biblioteca Prof. Eusebio Cleto del Rey | Biblioteca Prof. Eusebio Cleto del Rey | 07/04/2026 | 330.101.542 R462 4ed. | L53192 | 07/04/2026 | 07/04/2026 | Libro | ||||||
| Biblioteca Prof. Eusebio Cleto del Rey | Biblioteca Prof. Eusebio Cleto del Rey | 07/04/2026 | 330.101.542 R462 4ed. | L127641 | 07/04/2026 | 07/04/2026 | Libro | ||||||
| Biblioteca Prof. Eusebio Cleto del Rey | Biblioteca Prof. Eusebio Cleto del Rey | 07/04/2026 | 330.101.542 R462 4ed. | L33168 | 07/04/2026 | 07/04/2026 | Libro | ||||||
| Biblioteca Prof. Eusebio Cleto del Rey | Biblioteca Prof. Eusebio Cleto del Rey | 07/04/2026 | 330.101.542 R462 4ed. | L128610 | 07/04/2026 | 07/04/2026 | Libro |